000
00461nam a2200181Ia 4500
008
090124s9999 xx 000 0 und d
082
_b
11674
_a
1493
100
_a
काणेकर अनंत
245
_a
सांबर
250
_a
1
260
_c
1961
300
_a
292
600
_a
काणेकर अनंत
630
_a
सांबर
700
_a
काणेकर अनंत
730
_a
सांबर
942
_c
BOOK
999
_c
125613
_d
125613